000 03519cam a22003618i 4500
001 691
003 MYCC
005 20260206085828.0
008 240815s2025 mau 001 0 eng d
020 _a9781647826314
_qhardback
020 _z9781647826321
_q(epub)
040 _aDLC
_beng
_erda
_cDLC
_dDLC
_dMYCC
082 0 0 _a150.72
_223
090 0 0 _a150.72
_dMAT
100 1 _aMatz, Sandra C.,
_eauthor.
245 1 0 _aMINDMASTERS :
_bTHE DATA-DRIVEN SCIENCE OF PREDICTING AND CHANGING HUMAN BEHAVIOR /
_cSandra Matz.
246 3 0 _aData-driven science of predicting and changing human behavior
246 3 0 _aData-driven science of predicting and changing human behaviour
264 1 _aBoston, Massachusetts :
_bHarvard Business Review Press,
_c[2025]
300 _aviii, 226 pages :
_billustrations ;
_c24 cm
336 _atext
_btxt
_2rdacontent
337 _aunmediated
_bn
_2rdamedia
338 _avolume
_bnc
_2rdacarrier
504 _aIncludes bibliographical references and index.
520 _a"There are more digital pieces of data than stars in the universe. This data helps us monitor our planet, decipher our genetic code, and take a deep dive into our psychology. As algorithms become increasingly adept at accessing our minds, they also become more and more powerful at controlling it-enticing us to buy a certain product or vote for a certain political candidate. Some of us say this technological trend is no big deal. Others consider it one of the greatest threats to humanity. But what if the truth is more nuanced and mind-bending than that? In Mindmasters, Columbia Business School professor Sandra Matz offers a fascinating insider perspective on the art and data-driven science of psychological targeting. By relating her own personal story of growing up in a small village-where few aspects of life remain truly private-to her groundbreaking research in computational psychology, Matz reveals how Big Data offers insights into the most intimate aspects of our psyche and how these insights empower external influence over the choices we make. Filled with Ted-Talk-like explanations and real-life examples from Matz's research and consulting work, Mindmasters paints a nuanced picture of the power of psychological targeting. Like nosy neighbors, it can be creepy, manipulative, and downright harmful-with scandals like Cambridge Analytica being merely the tip of the iceberg. Yet, like any tight-knit, supportive village community, it also holds enormous potential to help us live healthier and happier lives-for example, by improving our mental health, encouraging better financial decisions, or enabling us to break out of our echo chambers. With passion and clear-eyed precision, Matz shows us how to manage psychological targeting and redesign the data game in a way that empowers us to take back control and ask more of our personal data. Mindmasters is a riveting look at what our digital footprints reveal about us, how they're being used-for good and for ill-and how we can gain more control and power over the data that define us"--
_cProvided by publisher.
650 0 _aPsychology
_xResearch
_xMethodology.
650 0 _aPsychology
_xTechnological innovations.
650 0 _aTechnological innovations
_xPsychological aspects.
650 0 _aHuman behavior
_xResearch.
650 0 _aData mining
_xSocial aspects.
776 0 8 _iOnline version:
_aMatz, Sandra.
_tMindmasters
_dBoston, Massachusetts : Harvard Business Review Press, [2025]
_z9781647826321
_w(DLC) 2024023258
942 _2ddc
_cBK
999 _c691
_d691